000 00208 a2200097 4500
001 58279
100 _a
245 _aSocio-economic system of islam
260 _aLahore
_bMalik sons
_c
090 _c35776
_d35776
942 _aNUST-CAE
_c
_c28642
999 _c293352
_d293352